Countries that Beat Rwanda - Statistics

General Stats
  • This quiz has been taken 268 times
  • The average score is 7 of 15
Answer Stats
Rank Category Countries % Correct
4 Smallest country on mainland Africa Gambia | Eswatini | Djibouti
95%
4 (t) Most official languages Bolivia | Zimbabwe | South Africa
79%
6 African capital with the highest elevation Ethiopia | Eritrea | Kenya | Namibia | Lesotho
74%
5 Whose government committed the deadliest genocide [2] Germany | Cambodia | Russia | Turkey
59%
4 Smallest landlocked country borderingmore than 3 countries Luxembourg | Kosovo | North Macedonia
54%
4 Least corrupt African country [1] Seychelles | Botswana | Cape Verde
54%
3 Closest non-bordering to Kenya D.R. Congo | Sudan
46%
4 Furthest from the ocean Kyrgyzstan | Tajikistan | Uzbekistan
45%
2 Most densely populated African country Mauritius
32%
5 Most recent to abolish monarchy in Africa* excluding Commonwealth monarchies Central African Republic | Ethiopia | Libya | Burundi
31%
4 Closest capital to the Equator south of it Ecuador | Nauru | Kenya
31%
6 Smallest to be colonised by Germany Nauru | Marshall Islands | Palau | F. S. Micronesia | Samoa
29%
3 Most Christian country in Africa [3] São Tomé and Príncipe | Angola
19%
2 Highest lowest point Lesotho
17%
3 Least populous capital starting with K Saint Vincent and the Grenadines | Jamaica
13%
No matching quizzes found
Score Distribution
Percent of People with Each Score
Percentile by Number Answered
Your Score History
You have not taken this quiz